Atlas of Finland (Record no. 27334)

MARC details
000 -LEADER
campo de control de longitud fija 00532nam a2200181 i 4500
001 - NÚMERO DE CONTROL
campo de control 27334
003 - IDENTIFICADOR DE NÚMERO DE CONTROL
campo de control ES-MaACL
005 - FECHA Y HORA DE LA ÚLTIMA TRANSACCIÓN
campo de control 20230906153610.0
007 - CAMPO FIJO DE DESCRIPCIÓN FÍSICA--INFORMACIÓN GENERAL
campo de control de longitud fija t|
008 - DATOS DE LONGITUD FIJA--INFORMACIÓN GENERAL
campo de control de longitud fija 030114s1929 fi ||||1| eng d
245 00 - MENCIÓN DEL TÍTULO
Título Atlas of Finland
Resto del título : 1925.
260 ## - PUBLICACIÓN, DISTRIBUCIÓN, ETC.
Lugar de publicación, distribución, etc. Helsinki :
Nombre del editor, distribuidor, etc. Helsingfors Kustannuson Keyhtro,
Fecha de publicación, distribución, etc. 1929.
300 ## - DESCRIPCIÓN FÍSICA
Extensión 2 v. ;
Dimensiones 46 cm.
500 ## - NOTA GENERAL
Nota general The Geographical Society of Finland.
651 #4 - PUNTO DE ACCESO ADICIONAL DE MATERIA--NOMBRE GEOGRÁFICO
Nombre geográfico Finlandia-
Subdivisión general Geografía.
9 (RLIN) 145594
710 2# - ENTRADA AGREGADA--NOMBRE DE ENTIDAD CORPORATIVA
Nombre de entidad corporativa o nombre de jurisdicción como elemento de entrada The Geographical Society of Finland.
9 (RLIN) 6952
852 ## - LOCALIZACIÓN
Ubicación ES-MaACL
Número de control de estantería B-7317-18
Holdings
Estatus retirado Estado de pérdida Estado de daño No para préstamo Biblioteca de origen Biblioteca actual Ubicación en estantería Fecha de adquisición Fuente de adquisición Total de préstamos Signatura topográfica completa Código de barras Visto por última vez Precio de reemplazo Tipo de ítem Koha
        Biblioteca del Ateneo de Madrid Biblioteca del Ateneo de Madrid Sala Pardo Bazán 17/01/2008     B-7317-18 1028212 23/02/2023 23/02/2023 Libro impreso